000 00348nam a2200121 4500
999 _c11134
_d11134
008 181012b ||||| |||| 00| 0 eng d
100 _932168
_aJaymalin, Mayen
245 _aHIV cases rise due to paid sex/
_cMayen Jaymalin
260 _aPhilippines
_bThe Philippine Star
_cc2018
300 _apage 8.
650 0 _932169
_aViruses.
942 _2ddc
_cPER